| 000 | 01538nam1a2200349 i 4500 | ||
|---|---|---|---|
| 001 | RU\NLR\bibl\1416482 | ||
| 005 | 20241215044812.0 | ||
| 010 | _a978-5-93439-276-6 | ||
| 035 | _a(NLR Aleph) 001408440 | ||
| 090 |
_a1266985 _c1266985 |
||
| 100 | _a20090924g20099999u y0rusy50 ca | ||
| 101 | 0 | _arus | |
| 102 | _aRU | ||
| 105 | _a||||e ||||| | ||
| 200 | 1 |
_aМой несистематический словарь _eрусско-английский англо-русский _eиз записной книжки переводчика _eв 2 т. _fП. Р. Палажченко |
|
| 205 | _a[2-е изд., стер.] | ||
| 210 |
_aМосква _cР. Валент _d2009 |
||
| 215 | _d22 | ||
| 225 | 1 | _aБиблиотека лингвиста | |
| 463 | 0 | _10011414206 | |
| 606 | 1 |
_aАнглийский язык _jУчебные издания для высших учебных заведений _xПеревод _92119670 _3RU\NLR\auth\661280124 |
|
| 606 | 1 |
_aАнглийский язык _xСловари _xРусский язык _9973846 _3RU\NLR\auth\6646831 |
|
| 686 | _aШ143.21-93рус3-77 | ||
| 686 | _aШ143.21-491перев | ||
| 700 | 1 |
_aПалажченко _bП. Р. _gПавел Русланович _4070 |
|
| 801 | 0 |
_aRU _bNLR _c20090924 _gRCR |
|
| 801 | 1 |
_aRU _bNLR _c20090924 |
|
| 830 | _aавт. раскрыт по кн. | ||
| 852 |
_aNLR _bС _j2009-2/555 |
||
| 942 | _cBOOK | ||